| 000 | 00997nam a2200277 a 4500 | ||
|---|---|---|---|
| 001 | 58823 | ||
| 003 | BD-RjUL | ||
| 005 | 20211209080648.0 | ||
| 008 | 161220s1989 enka b 001 0 eng | ||
| 020 | _a0813377099 (alk. paper) | ||
| 035 | _a(BD-RjUL)58947 | ||
| 040 |
_aDLC _cDLC _dBD-RjUL _beng |
||
| 041 | _aeng | ||
| 082 | 0 | 0 |
_a338.9611 _223 _bMOM 1989 |
| 100 | 1 |
_aMoudoud, E. _q(Ezzeddine) _9174884 |
|
| 245 | 1 | 0 |
_aModernization, the state, and regional disparity in developing countries : _bTunisia in historical perspective, 1881-1982 / _cEzzeddine Moudoud. |
| 260 |
_aLondon : _bWestview Press, _cc1989. |
||
| 300 |
_axviii, 229 p. : _bill. ; _c23 cm. |
||
| 500 | _aIncludes index. | ||
| 650 | 0 |
_aEconomic development. _9170469 |
|
| 651 | 0 |
_aTunisia _xEconomic conditions _y1956-1987 _xRegional disparities. _9174886 |
|
| 651 | 0 |
_aTunisia _xDependency on foreign countries. _9174887 |
|
| 942 |
_2ddc _cBK |
||
| 999 |
_c58823 _d58823 |
||